| 000 | 00687nam a22002057a 4500 | ||
|---|---|---|---|
| 999 |
_c6912 _d6912 |
||
| 003 | OSt | ||
| 005 | 20210508154746.0 | ||
| 008 | 210508b ||||| |||| 00| 0 eng d | ||
| 020 | _a978011042867 | ||
| 040 | _cDDC | ||
| 082 | _2005.45 APP 2004 | ||
| 100 |
_aAppel, Andrew W. _914177 |
||
| 245 |
_aModern compiler implementation in Java / _c Andrew W. Appel with Jens Palsberg. |
||
| 250 | _a2nd ed. | ||
| 260 |
_a New York : _bCambridge University Press _c2002. |
||
| 300 |
_ax, 501 p. : . _bill. ; _c24 cm |
||
| 504 | _a Includes bibliographical references (p. 487-494) and index. | ||
| 650 |
_aCompilers (Computer programs) Java (Computer program language) _914178 |
||
| 942 |
_2z _cBOOK |
||